000 00798nam a2200229Ia 4500
003 GCL
008 140319s9999 xx 000 0 ara d
020 _a2131210977
040 _aGCL /
_cGCL
082 0 4 _a371.2
_bا ا
100 1 _aاحمد اسماعيل حجى
245 1 0 _aادارة بيئة التعليم والتعلم :
_bالنظرية والممارسة داخل الفصل والمدرسة /
_cاحمد اسماعيل حجى
250 _aالثانية
260 _aالقاهرة :
_bدار الفكر العربى ،
_c2001
300 _a343 ص ؛
_c24 سم
650 0 4 _aالتخطيط التربوى
650 0 4 _aالادارة
650 0 4 _aالمدارس
650 0 4 _aالادارة المدرسية
650 0 4 _aالاشراف التربوى
942 _2ddc
_cBK
999 _c9649
_d9649